000 00408nam a2200157 a 4500
005 20140513081048.0
008 020906s19uu xx 00 eng d
050 _aP 390 2001
245 _aGood manners & right conduct.
260 _aQuezon City, Philippines :
_bMabuhay Boardgames,
_c2001.
300 _aPoster
440 _aTeacher's Choice
650 _aManners
650 _aConduct
999 _c116245
_d116245